000 00679nam a2200253Ia 4500
003 OSt
005 20220912151503.0
006 a|||||r|||| 00| 0
007 ta
008 220909b |||||||| |||| 00| 0 eng d
024 _a60345
037 _cTextual
040 _aCSL
_beng
_cCSL
041 _aeng
082 _aBxF50, G3 CS
100 _aKaye G R
245 0 _aBakhshali manuscript : a study in medixval mathematics
260 _aDelhi
_bManager of Publications
_c1933
300 _a50p.
_ccm.
490 _aArchaeology survey of India
650 _aMathematics
942 _hBxF50, G3 CS
_cTEXL
_2CC
999 _c69691
_d69691